| 000 | | | 05051cbc2a2200000#x 450 |
| 001 | | | dd7fe533-ec73-4b07-a955-06609493ced3 |
| 005 | | | 20181221145736.0 |
| 101 | 0# | $a | rus |
| 102 | ## | $a | RU |
| 200 | 1# | $a | Дело по отношению начальника Главного штаба с препровождением оригинального письма императора Петра I для помещения его в кунсткамере Академии наук |
| | $j | 25 февраля - 5 марта 1819 г. |
| 251 | ## | $c | Дело |
| 215 | ## | $a | 5 листов |
| | $d | 36,5х26 см |
| 225 | 0# | $a | Фонд Департамент народного просвещения Министерства народного просвещения |
| | $h | Опись № 12 |
| 801 | #0 | $a | RU |
| | $b | РГИА |
| 801 | #1 | $a | RU |
| | $b | ПБ им. Б.Н. Ельцина |
| | $2 | rusmarc |
| | $c | 20160220 |
| 801 | #2 | $a | RU |
| | $b | ПБ им. Б.Н. Ельцина |
| | $g | RCR |
| | $2 | rusmarc |
| 850 | ## | $a | Федеральное казенное учреждение "Российский государственный исторический архив" (РГИА) |
| 852 | ## | $a | РГИА |
| | $j | 199 |
| 937 | ## | $d | 10887612 |
| | $h | ПБ |
| 100 | ## | $a | 20131008l18191819k##a0rusy0102####ca |
| 105 | ## | $a | y### |
| 122 | 2# | $a | d18190225## |
| | $a | d18190305## |
| 461 | #0 | $1 | 001a74412a3-3cc5-4d21-8f0a-dfe2fbd9e72d |
| | $1 | 2001 |
| | $a | Департамент народного просвещения Министерства народного просвещения |
| | $1 | 251 |
| | $c | Фонд |
| | $1 | 852 |
| | $j | 733 |
| 462 | #0 | $1 | 0018bf52176-83f3-4397-9f3c-aa838725db6a |
| | $1 | 2001 |
| | $a | 1802-1839 гг. |
| | $v | Д. 199 |
| | $1 | 251 |
| | $c | Опись |
| | $1 | 852 |
| | $j | 12 |
| 035 | ## | $a | dd7fe533-ec73-4b07-a955-06609493ced3 |
| 300 | ## | $a | Рукописный текст. Чернила |
| 601 | 02 | $2 | nlr_sh |
| | $3 | RU\NLR\AUTH\6601616621 |
| | $a | Музей антропологии и этнографии им. Петра Великого |
| | $c | Санкт-Петербург, город |
| | $j | Документы и материалы |
| | $x | История |
| 605 | ## | $2 | acquisition_Prlib |
| | $3 | DITM\AF\0000003834 |
| | $a | Народ |
| | $l | коллекция |
| 605 | ## | $a | Музей антропологии и этнографии им. Петра Великого (Кунсткамера) Российской академии наук |
| | $l | коллекция |
| | $2 | acquisition_Prlib |
| | $3 | LIBNET\UAF\0000079965 |
| 686 | ## | $2 | rubbk |
| | $a | 79.147.1ю1 |
| | $v | LBC/M |
| 686 | ## | $a | 63.3(2)52ю1 |
| | $v | LBC/M |
| | $2 | rubbk |
| 600 | #1 | $2 | nlr_sh |
| | $3 | RU\NLR\AUTH\66180638 |
| | $a | Петр |
| | $c | император российский |
| | $d | I |
| | $f | 1672 - 1725 |
| | $j | Документы и материалы |